00654 2200265 4500001002100000005001500021035002000036007000300056008004100059020001600100082001200116084001800128100000900146245005200155250001000207260003900217300003500256650001100291504002600302711001600328990001100344990001100355990001100366990001100377INLIS00000000000558520200630095100 a0010-0320000153ta200630 g 0 ind  a979195009-1 a634.655 a634.655 CAC m0 aCACA1 aMembudidayakan Mangga, Yuk! /cCaca, Tim Cahaya acet.1 aJakarta :bRama Edukasitama,c2010 aiv, 92 hlm. :bilus. ;c25 cm. 4aMANGGA aBibliografi : hlm. 920 aTIM, Cahaya a7386 a a7386 b a7386 c a7386 d